00416 2200157 4500001002100000008004100021035002000062245004900082100001700131260003200148300002200180020002200202084001400224082000800238990001200246INLIS000000000002854 IND  a0010-0925000201 aSebenarnya Tuhan Sangat SayangcMitha Juniar aMitha Juniar aJakartabRumah Oranyec2013 a220c(13 x 19 cm) a978-602-1588-03-1 a813 MIT s a813 a0755076